<?xml version="1.0" encoding="UTF-8"?>
<record
    xmlns:xsi="http://www.w3.org/2001/XMLSchema-instance"
    xsi:schemaLocation="http://www.loc.gov/MARC21/slim http://www.loc.gov/standards/marcxml/schema/MARC21slim.xsd"
    xmlns="http://www.loc.gov/MARC21/slim">

  <leader>00396nam a2200145Ia 4500</leader>
  <controlfield tag="008">180921t2014    xxu||||| |||| 00| 0 eng d</controlfield>
  <datafield tag="041" ind1=" " ind2=" ">
    <subfield code="a">eng</subfield>
  </datafield>
  <datafield tag="080" ind1=" " ind2=" ">
    <subfield code="a">321</subfield>
    <subfield code="b">SIN</subfield>
  </datafield>
  <datafield tag="245" ind1=" " ind2=" ">
    <subfield code="a">Sino - Lanka Partnership to Greater Heights</subfield>
  </datafield>
  <datafield tag="260" ind1=" " ind2=" ">
    <subfield code="b">Ministry Of Finance and Planning Sri Lanka</subfield>
    <subfield code="a">Colombo</subfield>
    <subfield code="c">2014</subfield>
  </datafield>
  <datafield tag="300" ind1=" " ind2=" ">
    <subfield code="b">96p, 25cm</subfield>
  </datafield>
  <datafield tag="942" ind1=" " ind2=" ">
    <subfield code="c">BK</subfield>
  </datafield>
  <datafield tag="952" ind1=" " ind2=" ">
    <subfield code="0">0</subfield>
    <subfield code="1">0</subfield>
    <subfield code="4">0</subfield>
    <subfield code="7">0</subfield>
    <subfield code="8">MONO</subfield>
    <subfield code="a">MAIN</subfield>
    <subfield code="b">MAIN</subfield>
    <subfield code="d">2016-12-21</subfield>
    <subfield code="o">321 SIN</subfield>
    <subfield code="p">P40125</subfield>
    <subfield code="r">2023-06-01</subfield>
    <subfield code="w">2023-06-01</subfield>
    <subfield code="y">BK</subfield>
  </datafield>
  <datafield tag="999" ind1=" " ind2=" ">
    <subfield code="c">5147</subfield>
    <subfield code="d">5147</subfield>
  </datafield>
  <controlfield tag="003">LK-CoDNM</controlfield>
  <datafield tag="040" ind1=" " ind2=" ">
    <subfield code="a">LK-CoDNM</subfield>
    <subfield code="d">LK-CoDNM</subfield>
    <subfield code="e">LK-CoDNM</subfield>
  </datafield>
</record>
